000 00693nam a2200229Ia 4500
008 180628s9999 xx 000 0 und d
020 _a978-0-553-21232-7
050 _aCLA S95g
050 _b2005
100 _aSwift, Jonathan.
245 0 _aGulliver's travels and other writings /
245 0 _cJonathan Swift; edied and with an introduction by Miriam Kosh Starkman.
260 _aNew York :
260 _bBantam Books,
260 _c2005
300 _a642 pages:
300 _c17 cm.
500 _aBantam classic.
650 _aGulliver, Lemuel (Fictitious character) -- Fiction.
650 _aTravelers -- Fiction.
650 _xVoyages, Imaginary -- Early works to 1800.
999 _c358090
_d358090